| 000 | 00650 a2200169 4500 | ||
|---|---|---|---|
| 003 | Nust | ||
| 005 | 20170207171533.0 | ||
| 040 | _cNust | ||
| 082 | _a005.1 | ||
| 100 | _aUllah, Atta (MSCS-18) | ||
| 245 |
_aAn Evaluation Framework for the Comparison on Open Source Enterprize Resource Planning Systems _cAtta Ullah |
||
| 260 |
_aRawalpindi _bMCS,NUST _c2015 |
||
| 300 | _axii, 83 p | ||
| 500 | _aIntroduction (Page-1) Literature Review (Page-07) Open Source ERP Evaluation Framework (Page-19) Implementation and Results (Page-37) Validation of the Framework Result (Page-45) Conclusion and Future work (Page-61) | ||
| 650 | _aPG Thesis | ||
| 651 | _aMSCS-18 | ||
| 942 | _cTHS | ||
| 999 |
_c217104 _d217104 |
||